Štúdium vplyvu tepelného spracovania na vlastnosti duplexnej nehrdzavejúcej ocele STN 17381 = Study of the heat treatment effect on duplex stainless steel features STN 17 381 : Bakalárska práca

Gespeichert in:
Bibliographische Detailangaben
Hauptverfasser: Jesenský, Michal, 1980- (xxx), Mikušová, Katarína (Verfasst von)
Format: Manuskript Buch
Sprache:Slowakisch
Veröffentlicht: Trnava : STU v Bratislave MtF KMI, 2006
Schlagworte:
Tags: Tag hinzufügen
Keine Tags, Fügen Sie das erste Tag hinzu!

MARC

LEADER 00000ntm a22000003a 4500
001 stu130426
005 20160719155618.1
008 061129s2006----xo------------------slo-d
040 |a STU  |b slo 
041 0 |a slo 
044 |a xo 
100 1 |a Jesenský, Michal,  |d 1980-  |4 xxx  |u M130  |U MTF Materiálovotechnologická fakulta  |T MTF Katedra materiálového inžinierstva  |X 41653  |U M130  |Y 481  |7 A000041653 
245 1 |a Štúdium vplyvu tepelného spracovania na vlastnosti duplexnej nehrdzavejúcej ocele STN 17381 = Study of the heat treatment effect on duplex stainless steel features STN 17 381 :  |b Bakalárska práca 
260 |a Trnava :  |b STU v Bratislave MtF KMI,  |c 2006 
300 |a 36 s  |c 1 CD-ROM 
650 7 |a materiálové inžinierstvo  |2 stusub 
650 7 |a tepelné spracovanie ocelí  |2 stusub 
700 1 |a Mikušová, Katarína  |4 aut 
996 |b 284M075088  |c M*BP-2216  |l MMSKP  |s P  |a 0  |w stu130426_0001